| 000 | 01084nam a22002417a 4500 | ||
|---|---|---|---|
| 999 |
_c20024 _d20024 |
||
| 003 | AR-CdUCM | ||
| 008 | 190403b ||||| |||| 00| 0 spa d | ||
| 040 |
_aMUNICIPALIDAD PROVINCIAL DEL CUSCO _cBIBLIOTECA MUNICIPAL DEL CUSCO |
||
| 041 | _heng | ||
| 082 |
_a341 / _bB335 |
||
| 100 |
_aBattaglia, Felice _928735 |
||
| 245 | _aCurso de filosofía del derecho / | ||
| 260 |
_aMadrid : _bInstituto Editorial Reus, _c1951. |
||
| 300 |
_a410 páginas ; _c21 cm. |
||
| 500 | _av.2: El concepto del derecho. Libro en mal estado. | ||
| 505 | _aContenido: v.1: Desarrollo histórico -- v.2: El derecho de la filosofía del espíritu -- Análisis del concepto del derecho -- El derecho en sentido objetivo ... v.3: El concepto del estado en la filosofía -- Origen y evolución histórica del derecho -- El fundamento intrínseco del derecho: la justicia ... | ||
| 650 |
_aDerecho _9739 |
||
| 650 |
_aFilosofía _9395 |
||
| 700 |
_aTejada, Francisco Elias de (traductor) _941884 |
||
| 700 |
_aVerdú Pablo Lucas (traductor) _941885 |
||
| 942 |
_2ddc _cLIBROS |
||
| 945 |
_adavv _d2019-05-24 |
||